00553nam a22001812 4500001001100000005001700011008004100028020001700069040001500086100003100101245009000132250001300222260003200235300003000267650003400297700003700331852000300368000002391420151217154507.0130416s xx 000 0 eng d a0198061099 : aKABUcKABU1 aRaghubalan, G.@000018369810aHotel housekeeping :boperations and management /cG. Raghubalan, Smritee Raghubalan. a2nd ed. aOxford :bNew Delhi,c2009. axii, 732 p. +e1 CD-ROM. 0aHotel management.@00001581211 aRaghubalan, Smritee.@00001836991